00990nam a22001937a 4500003000900000008004100009040007100050082001600121110006800137245003300205260005300238300006600291440004200357505033000399650001000729650002300739650001400762700002000776AR-CdUCM190319b ||||| |||| 00| 0 spa d aMUNICIPALIDAD PROVINCIAL DEL CUSCOcBIBLIOTECA MUNICIPAL DEL CUSCO a709 /bUN57 aUnited Nations Eduational, Scientific and Cultural Organization aMosaicos griegos bizantinos  aMéxico-Buenos Aires bEditorial Hermes,c1964. a28 páginas ;bIlustraciones en color, desplegables c17 cm. aUnesco-Hermes Bolsilibros de Arten10 aContenido : Texto de André Grabar -- Tesalónica. Iglesia de Hosios David. Visión del apocalipsis: profetas. Siglo V -- Tesalónica. Iglesia de Hosios David. Visión del apocalipsis: un profeta. Siglo V -- Tesalónica. Basílica del Aqueiropoietos. Detalle decorativo: el pez y el cáliz eucarísticos. Siglo V.... aArte  aHistoria del arte  aMosaicos  aAndré Grabar